Capitals of UN Member States - Statistics

General Stats
  • This quiz has been taken 787 times
    15 since last reset
  • The average score is 14 of 20
Answer Stats
Country Capital City % Correct
Netherlands Amsterdam
100%
Turkey Ankara
100%
Madagascar Antananarivo
100%
Eritrea Asmara
100%
Paraguay Asunción
100%
Mali Bamako
100%
Lebanon Beirut
100%
Serbia Belgrade
100%
Belize Belmopan
100%
Germany Berlin
100%
Switzerland Bern (de facto)
100%
Kyrgyzstan Bishkek
100%
Guinea-Bissau Bissau
100%
Brazil Brasília
100%
Slovakia Bratislava
100%
Belgium Brussels
100%
Argentina Buenos Aires
100%
Egypt Cairo
100%
Australia Canberra
100%
Syria Damascus
100%
Bangladesh Dhaka
100%
East Timor Dili
100%
Tanzania Dodoma
100%
Qatar Doha
100%
Ireland Dublin
100%
Tajikistan Dushanbe
100%
Burundi Gitega
100%
Vietnam Hanoi
100%
Israel Jerusalem
100%
Uganda Kampala
100%
Nepal Kathmandu
100%
Ukraine Kiev
100%
Portugal Lisbon
100%
Slovenia Ljubljana
100%
United Kingdom London
100%
Angola Luanda
100%
Zambia Lusaka
100%
Maldives Malé
100%
Nicaragua Managua
100%
Mozambique Maputo
100%
Eswatini Mbabane
100%
Belarus Minsk
100%
Oman Muscat
100%
Kenya Nairobi
100%
Bahamas Nassau
100%
Niger Niamey
100%
Cyprus Nicosia
100%
Panama Panama City
100%
Suriname Paramaribo
100%
Cambodia Phnom Penh
100%
Montenegro Podgorica
100%
Haiti Port-au-Prince
100%
Papua New Guinea Port Moresby
100%
South Africa Pretoria
100%
North Korea Pyongyang
100%
Saudi Arabia Riyadh
100%
Italy Rome
100%
Yemen Sana'a
100%
Costa Rica San José
100%
Bosnia and Herzegovina Sarajevo
100%
Singapore Singapore
100%
North Macedonia Skopje
100%
Sri Lanka Sri Jayawardenepura Kotte
100%
Sweden Stockholm
100%
Honduras Tegucigalpa
100%
Iran Tehran
100%
Tunisia Tunis
100%
Malta Valletta
100%
Seychelles Victoria
100%
Austria Vienna
100%
Poland Warsaw
100%
Namibia Windhoek
100%
Cameroon Yaoundé
100%
Armenia Yerevan
100%
Croatia Zagreb
100%
Senegal Dakar
75%
Chad N'Djamena
67%
Antigua and Barbuda Saint John's
67%
Andorra Andorra la Vella
50%
Colombia Bogotá
50%
Barbados Bridgetown
50%
Guinea Conakry
50%
Cuba Havana
50%
Afghanistan Kabul
50%
Saint Vincent and the Grenadines Kingstown
50%
Somalia Mogadishu
50%
Trinidad and Tobago Port of Spain
50%
Cape Verde Praia
50%
Latvia Riga
50%
Dominica Roseau
50%
Lithuania Vilnius
50%
Equatorial Guinea Ciudad de la Paz
33%
Bahrain Manama
33%
Grenada Saint George's
33%
Dominican Republic Santo Domingo
25%
United Arab Emirates Abu Dhabi
0%
Nigeria Abuja
0%
Ghana Accra
0%
Ethiopia Addis Ababa
0%
Algeria Algiers
0%
Jordan Amman
0%
Samoa Apia
0%
Turkmenistan Ashgabat
0%
Greece Athens
0%
Iraq Baghdad
0%
Azerbaijan Baku
0%
Brunei Bandar Seri Begawan
0%
Thailand Bangkok
0%
Central African Republic Bangui
0%
Gambia Banjul
0%
Saint Kitts and Nevis Basseterre
0%
China Beijing
0%
Republic of the Congo Brazzaville
0%
Romania Bucharest
0%
Hungary Budapest
0%
Venezuela Caracas
0%
Saint Lucia Castries
0%
Moldova Chișinău
0%
Denmark Copenhagen
0%
Djibouti Djibouti (city)
0%
Sierra Leone Freetown
0%
Tuvalu Funafuti
0%
Botswana Gaborone
0%
Guyana Georgetown
0%
Guatemala Guatemala City
0%
Zimbabwe Harare
0%
Finland Helsinki
0%
Solomon Islands Honiara
0%
Pakistan Islamabad
0%
Indonesia Jakarta
0%
South Sudan Juba
0%
Sudan Khartoum
0%
Rwanda Kigali
0%
Jamaica Kingston
0%
Democratic Republic of the Congo Kinshasa
0%
Malaysia Kuala Lumpur
0%
Kuwait Kuwait City
0%
Gabon Libreville
0%
Malawi Lilongwe
0%
Peru Lima
0%
Togo Lomé
0%
Luxembourg Luxembourg (city)
0%
Spain Madrid
0%
Marshall Islands Majuro
0%
Philippines Manila
0%
Lesotho Maseru
0%
Mexico Mexico City
0%
Monaco Monaco
0%
Liberia Monrovia
0%
Uruguay Montevideo
0%
Comoros Moroni
0%
Russia Moscow
0%
Myanmar Naypyidaw
0%
India New Delhi
0%
Palau Ngerulmud
0%
Mauritania Nouakchott
0%
Tonga Nukuʻalofa
0%
Kazakhstan Nur-Sultan
0%
Norway Oslo
0%
Canada Ottawa
0%
Burkina Faso Ouagadougou
0%
Federated States of Micronesia Palikir
0%
France Paris
0%
Mauritius Port Louis
0%
Benin Porto-Novo
0%
Vanuatu Port Vila
0%
Czech Republic Prague
0%
Ecuador Quito
0%
Morocco Rabat
0%
Iceland Reykjavík
0%
San Marino San Marino
0%
El Salvador San Salvador
0%
Chile Santiago
0%
São Tomé and Príncipe São Tomé
0%
South Korea Seoul
0%
Bulgaria Sofia
0%
Bolivia Sucre
0%
Fiji Suva
0%
Estonia Tallinn
0%
Kiribati Tarawa
0%
Uzbekistan Tashkent
0%
Georgia Tbilisi
0%
Bhutan Thimphu
0%
Albania Tirana
0%
Japan Tokyo
0%
Libya Tripoli
0%
Mongolia Ulaanbaatar
0%
Liechtenstein Vaduz
0%
Laos Vientiane
0%
United States Washington, D.C.
0%
New Zealand Wellington
0%
Ivory Coast Yamoussoukro
0%
Nauru Yaren (de facto)
0%
No matching quizzes found
Score Distribution
Percent of People with Each Score
Percentile by Number Answered
Your Score History
You have not taken this quiz since the last reset